|
|
|
|
| LEADER |
00000cam a2200000 a 4500 |
| 001 |
vtls001085457 |
| 003 |
SK-MaSNL |
| 005 |
20260301000954.0 |
| 008 |
240226s1987 xo hoacgrn 000 0 slo |
| 015 |
|
|
|a SNBA1987
|
| 020 |
|
|
|q (brožované)
|
| 035 |
|
|
|a SNK000028296
|
| 035 |
|
|
|a F002187E-8020-47D5-8E5E-FC318B57FFF4
|
| 035 |
|
|
|a urn:nbn:sk:snk-am00ieed
|
| 040 |
|
|
|a SNK
|b slo
|c SNK
|e AACR2
|
| 041 |
0 |
|
|a slo
|b ger
|b eng
|
| 044 |
|
|
|a xo
|c SK
|
| 072 |
|
7 |
|a 72
|x Architektúra
|2 konspekt
|
| 072 |
|
7 |
|a 902
|x Archeológia
|2 konspekt
|
| 080 |
|
|
|a 728.82
|2 2011
|
| 080 |
|
|
|a 902
|2 2011
|
| 080 |
|
|
|a (036)913
|2 2011
|
| 080 |
|
|
|a 93/94
|2 2011
|
| 080 |
|
|
|a (084.12)
|2 2011
|
| 100 |
1 |
|
|a Malečka, Jaroslav
|4 aut
|9 278656
|
| 245 |
1 |
0 |
|a Z dejín Bojnického zámku
|b archeológia - architektúra
|c J. Malečka, M. Remiašová
|
| 250 |
|
|
|a 1. vyd.
|
| 260 |
|
|
|a Martin
|b Osveta
|c 1987
|
| 300 |
|
|
|a 46 strán
|b faksimile, fotografie (niektoré farebné), ilustrácie, portréty, schémy
|c 21 cm
|
| 500 |
|
|
|a Fotografia na frontispice
|
| 504 |
|
|
|a Bibliografia na konci kapitol
|
| 546 |
|
|
|a Nemecké a anglické resumé
|
| 610 |
2 |
7 |
|a Bojnický zámok
|2 SNKKA
|9 32519
|
| 650 |
0 |
7 |
|a zámky
|2 SNKPH
|9 3041
|
| 650 |
0 |
7 |
|a archeológia
|2 SNKPH
|9 4974
|
| 650 |
0 |
7 |
|a architektúra
|2 SNKPH
|9 722
|
| 650 |
0 |
7 |
|a dejiny
|2 SNKPH
|9 3825
|
| 655 |
|
7 |
|a turistickí sprievodcovia (publikácie)
|2 SNKPH
|9 191298
|
| 655 |
|
7 |
|a fotografické publikácie
|2 SNKPH
|9 70483
|
| 700 |
1 |
|
|a Remiašová, Marta,
|d 1941-2007
|4 aut
|9 115278
|
| 852 |
|
|
|a Slovenská národná knižnica
|
| 954 |
|
|
|a iná literatúra (príručky, kuchárske knihy, hobby literatúra, sprievodcovia) pôvodná (slovenská)
|2 lita
|
| 954 |
|
|
|a obrazové publikácie zamerané na výtvarné umenie a fotografiu pôvodné (slovenské)
|2 lita
|
| 958 |
|
|
|a RK
|
| 958 |
|
|
|a TL
|
| 958 |
|
|
|a NB
|
| 958 |
|
|
|a OND
|
| 958 |
|
|
|a EUIPO
|
| 999 |
|
|
|c 533913
|d 535843
|
| 952 |
|
|
|a SNK
|b SNK
|y PREZ
|7 0
|p 17A0935840
|o snkSC 69064
|i snkKSP 5190/87
|0 0
|1 0
|4 0
|d 2012-09-03
|f 1
|l 0
|r 2025-07-17 00:00:00
|w 2026-02-23
|
| 952 |
|
|
|t P60, <04>, [BOOK], {604}
|a SNK
|b SNK
|y VYP
|7 0
|p 17A0026052
|o snkSC 69064 D1
|0 0
|1 0
|4 0
|d 1996-12-09
|l 0
|r 2004-12-31 00:00:00
|w 2026-02-23
|